| 000 | 00708nam a2200241 i 4500 | ||
|---|---|---|---|
| 001 | 25447 | ||
| 003 | ES-MaACL | ||
| 005 | 20230906153253.0 | ||
| 007 | t| | ||
| 008 | 021226s1985 sp |||| |bspa d | ||
| 020 | _a84-86459-00-1 | ||
| 080 | _a929 Juan Pablo II, Papa | ||
| 100 | 1 |
_aArias, Juan. _922751 |
|
| 245 | 1 | 3 |
_aEl enigma Wojtyla / _cJuan Arias ; prólogo de Leonardo Sciascia. |
| 260 |
_aMadrid : _bEl País, _c1985. |
||
| 300 |
_a413 p. ; _c20 cm. |
||
| 490 | 1 |
_aA cinco columnas ; _v7 |
|
| 600 | 0 | 4 |
_aJuan Pablo _bII _cPapa, Santo. _9162513 |
| 700 | 1 |
_aSciascia, Leonardo. _9104929 |
|
| 830 | 0 |
_aA cinco columnas ; _v7 _9180975 |
|
| 852 |
_aES-MaACL _jL-10427 |
||
| 999 |
_c25447 _d25447 |
||